| 000 | 00510 a2200169 4500 | ||
|---|---|---|---|
| 003 | OSt | ||
| 005 | 20240816152429.0 | ||
| 008 | 231017b |||||||| |||| 00| 0 eng d | ||
| 020 | _a9953750351 | ||
| 040 | _coclc | ||
| 082 |
_a891.733 _bTOL/A |
||
| 100 |
_aTolstoy, Leo _9257 |
||
| 245 |
_aAnna Karenina : a novel in eight parts / _bEnglish=Arabic _cLeo Tolstoy |
||
| 260 |
_aBeirut: _bDar al-Bihar, _c2007. |
||
| 300 | _ain 4 volumes | ||
| 942 |
_2ddc _cBK _h891.733 _iTOL/A _k891.733 _mTOL/A |
||
| 999 |
_c42729 _d42729 |
||